000 00766na a2200229 4500
001 15509
003 MIRAKIL
005 20181213154800.0
008 161006b tu 000 0
040 _aMilas
_btur
_cTR-AnCHP
041 _atur
082 _a305.9021
_bT37i 1989
090 _a305.9021 T37i 1989
110 _aTürkiye Esnaf ve Sanatkarları Konfederasyonu (TESK)
245 _aİstatistik bülteni 1989
_bEk 2
_cTürkiye Esnaf ve Sanatkarları Konfederasyonu (TESK)
260 _a[Ankara]
_bTürkiye Esnaf ve Sanatkarları Konfederasyonu (TESK)
_c1989
300 _a292 s.
_btbl.
_c30 sm.
490 _aTürkiye Esnaf ve Sanatkarları Konfederasyonu
_v17
610 _aTESK
650 _aMesleki gruplar
_xİstatistikler
_zTürkiye
942 _2ddc
_cBKS
999 _c772
_d772